| 000 | 00843nam a2200229 a 4500 | ||
|---|---|---|---|
| 999 |
_c446993 _d446993 |
||
| 003 | BLK | ||
| 005 | 20230808085556.0 | ||
| 008 | 220302b bu |||||r|||| 00| | bu d | ||
| 040 | _aBLK | ||
| 041 |
_aBUL _cBUL |
||
| 080 |
_aАвтомобилен спорт _b796.71 _x(062) _z796.71(062) |
||
| 139 | _bА 22 | ||
| 245 |
_aАвтомобилно състезание на писта "Приста - 93" _bI кръг от републиканския шампионат : Русе, 24-25 апр. 1993 : Програма _h[Малотир. изд.] |
||
| 260 |
_9441842 _aРусе _bб. и. _c1993 |
||
| 300 |
_a12 с. _c21 см |
||
| 380 | _a79 | ||
| 653 | 7 |
_9180353 _aавтомобилен спорт |
|
| 653 | 7 |
_9197888 _aсъстезания |
|
| 852 |
_cК 796/799/А 22 _bК |
||
| 942 |
_cKNG _n0 _s1 _01 |
||
| 944 |
_aCR _c2022-03-02 _k30570 _lМоника Янева |
||